000 00627nam a22002057a 4500
003 LK-CoMWRAF
005 20231130104159.0
008 231130b |||||||| |||| 00| 0 eng d
020 _a9789551848156
040 _aLK-CoMWRAF
_dLK-CoMWRAF
_eLK-CoMWRAF
041 _asin
082 _a891.483
_bSUL
245 _aසුළි සුළඟ
246 _aSuli Sunlanga
260 _aආණමඩුව :
_bතෝතැන්න ප්‍ර‍කාශන,
_c2008
300 _aපි. 97
650 _aසිංහල නවකතා
700 _aකරාමත්, එස්. ඒ. සී. එම්
_etrans.
942 _cBK
999 _c4264
_d4264